[Event "Schleswig Holstein-ch U16 VM"]
[Site "Neumuenster"]
[Date "2008.03.27"]
[Round "5"]
[White "Seel, Christopher"]
[Black "Meier, Mathias"]
[Result "1-0"]
[WhiteElo "1131"]
[BlackElo "1343"]
[PlyCount "71"]
[EventDate "2008.03.24"]
[EventType "swiss"]
[EventRounds "9"]
[EventCountry "GER"]
[SourceTitle "EXT 2009"]
[Source "ChessBase"]
[SourceDate "2008.11.26"]
[SourceVersion "1"]
[SourceVersionDate "2008.11.26"]
[SourceQuality "1"]

1. d4 d5 2. Nf3 Nf6 3. Bf4 Nc6 4. e3 a6 5. c3 e6 6. Bd3 Bd6 7. Bg3 Qe7 8. Nbd2 e5 9. dxe5 Nxe5 10. Nxe5 Bxe5 11. Bxe5 Qxe5 12. Nf3 Qd6 13. h3 0-0 14. g4 h6 15. g5 hxg5 16. Nxg5 Qe5 17. h4 Bf5 18. Nf3 Qe6 19. Nd4 Qe5 20. Nxf5 Ne4 21. Bxe4 dxe4 22. Ng3 Rad8 23. Qc2 Rd3 24. Rd1 Rfd8 25. Rxd3 exd3 26. Qd2 Kh7 27. Ne2 g6 28. Nf4 Qe4 29. Rh3 Kg7 30. f3 Qa4 31. b3 Qd7 32. c4 f6 33. Rg3 g5 34. hxg5 fxg5 35. Rxg5+ Kf7 36. Rd5 1-0